000 00412nab a2200145Ia 4500
003 ES-SlBCS
005 20210601132132.0
008 140529s1934 xxu||||| |||| 00| 0 ita d
041 _aita
100 1 _aWalz, Angelo
_9133357
245 0 0 _aSan Domenico e le Università
_c Angelo Walz
600 0 4 _aDomingo de Soto-Universidad
_9192002
773 0 _tAngelicum
_gvol. 11, 1934, págs. 341-357
_wRev26
942 _cAR
999 _c574860
_d574860